000 00508nam a2200193 a 4500
001 1771568783663
003 YourLibrary
005 20260220115751.0
008 260220s2010##################000#0#eng##
020 _a9781848447745
082 0 4 _a336.205
_bCLA
100 1 _aClaus, Iris,
_eauthor.
245 1 0 _aTax Reform in Open Economies :
260 _bEdward Elgar Pub,
_c2010.
300 _a329 pages
650 0 _aBusiness & Economics.
942 _cENGLISH
040 _aYourLibrary
_beng
_cYourLibrary
999 _c614180
_d614180